Získavanie implicitnej spätnej väzby pre potreby webového vyhľadávača
Salvato in:
| Autore principale: | |
|---|---|
| Altri autori: | |
| Natura: | Manoscritto Libro |
| Lingua: | slovacco |
| Pubblicazione: |
Bratislava :
STU v Bratislave FIIT,
2012
|
| Soggetti: | |
| Accesso online: | VAIS |
| Tags: |
Nessun Tag, puoi essere il primo ad aggiungerne!!
|
MARC
| LEADER | 00000ntm a22000003a 4500 | ||
|---|---|---|---|
| 001 | stu253054 | ||
| 005 | 20150617230228.6 | ||
| 008 | 120724s2012----xo------------------slo-d | ||
| 040 | |a STU |b slo | ||
| 041 | 0 | |a slo | |
| 044 | |a xo | ||
| 100 | 1 | |a Kříž, Jakub, |d 1991- |4 aut |u I200 |U FIIT Fakulta informatiky a informačných technológií |T FIIT Ústav informatiky a softvérového inžinierstva |X 64375 |U I200 |Y 179 |7 A000064375 | |
| 242 | 0 | 0 | |a Collecting Implicit Feedback for the Needs of a Search Engine |y eng |
| 245 | 1 | |a Získavanie implicitnej spätnej väzby pre potreby webového vyhľadávača | |
| 260 | |a Bratislava : |b STU v Bratislave FIIT, |c 2012 | ||
| 300 | |a 57 s |c príl. | ||
| 650 | 7 | |a informatika |2 stusub | |
| 650 | 7 | |a Informatics |2 estusub | |
| 650 | 7 | |a user model |2 estusub | |
| 650 | 7 | |a model používateľa |2 stusub | |
| 650 | 7 | |a extrakcia kľúčových slov |2 stusub | |
| 650 | 7 | |a implicitná spätná väzba |2 stusub | |
| 700 | 1 | |a Kramár, Tomáš, |d 1987- |4 ths |u I200 |U FIIT Fakulta informatiky a informačných technológií |T FIIT Ústav informatiky a softvérového inžinierstva |X 29629 |U I200 |Y 179 |7 29629 | |
| 856 | 4 | |a info a plný text |u http://is.stuba.sk/zp/portal_zp.pl?podrobnosti=65206 |3 VAIS | |
| 996 | |b IBAP58/12 |c I*BAP58/12 |l II680 |s P |a 0 |w stu253054_0001 | ||